• 首页
  • 本馆介绍
  • 公告通知
  • 最新文献
  • 馆藏检索
  • 电子资源
  • 读者导购
  • 参考咨询
  • 我的图书馆
  • 登录
  • 详细信息显示
  • 放入我的书架
  • 预约/预借图书
  • 作者相关作品
  • 分类相关作品
  • 丛书相关作品
  • 出版社相关作品

书目信息

  • 表格格式
  • 工作单格式
  • 卡片格式
书名: Advances in electronics and electron physics
作者:
分册号:
分册名:
出版地: New York, N.Y. :
 
出版社: Academic Press
出版时间: 1979.
页数: v. :
开本: 24 cm.
丛书名:
中图分类号:
科图分类号:
其他分类号: O46
主题词:
电子资源:
000 01871cas 22000445a 4500
001 E0756271985
003 CaOON
005 20070727154540.06
008 0307141979 4nyu x p 0uu1a0eng o
010    @a49007504 //r822
020    @a0-12-014648-7.
022    @a0065-2539.
030    @aAEEPAR
035    @a(OCoLC)ocl71461183
040    @aMUL@beng@cMUL@dNAIULS@dCtY@dN@dMH@dInU@dDLC@dNST@dDLC@dCaOON
042    @alc
050  0 @aTK7800@b.A37
082 0  @a621.381/05
090    @aU391.07/W2
090    @aO46
099    @dO46@ex2
210 0  @aAdv. electron. electron. phys.
222  0 @aAdvances in electronics and electron physics.
245 00 @aAdvances in electronics and electron physics.
260    @aNew York, N.Y. :@bAcademic Press,@c1979.
300    @av. :@bill. ;@c24 cm.
310    @aIrregular.
362  0 @aVol. 6 (1954)-v. 89 (1994).
510 2  @aPhysics abstracts. Science abstracts. Series A@x0036-8091.
510 2  @aComputer & control abstracts@x0036-8113.
510 2  @aElectrical & electronics abstracts@x0036-8105.
510 2  @aEnergy research abstracts@x0160-3604.
510 2  @aChemical abstracts@x0009-2258.
510 2  @aSPIN@b1981-
555    @aVols. 6 (1954)-10 (1958) in v. 10; Vols. 6-15, in v. 15; Vols. 6-20, in v. 20; Vols. 6-30, in v. 30. (Each cumulative index also contains index to Advances in electronics, Vols. 1 (1948)-5 (1953)
650  0 @aElectronics.
770 1  @tAdvances in electronics and electron physics. Supplement.@d[New York :b Academic Press, 1963-@x0065-2547@yAEPSAN@w(OCoLC)ocl71461184@w(DLC)sn 81003577.
780 00 @tAdvances in electronics.@dNew York, Academic Press.@x0096-6002@yAELEAT@w(OCoLC)ocl71644499@w(DLC)sf 82008028.
785 00 @tAdvances in imaging and electron physics.@dSan Diego : Academic Press, c1995-@x1076-5670.
920    @a232010@z2
    
    Advances in electronics and electron physics.-New York, N.Y. : : Academic Press, , 1979.
    v. : : ill. ; ; 24 cm.
    Physics abstracts. Science abstracts. Series A.-Computer & control abstracts.-Electrical & electronics abstracts.-Energy research abstracts.-Chemical abstracts.-SPIN.-Vols. 6 (1954)-10 (1958) in v. 10; Vols. 6-15, in v. 15; Vols. 6-20, in v. 20; Vols. 6-30, in v. 30. (Each cumulative index also contains index to Advances in electronics, Vols. 1 (1948)-5 (1953)
    
    ISBN 0-12-014648-7.
    
●
相关链接 在E读中查询图书 在五车中查询图书 在当当中查询图书 在豆瓣中查询图书


正题名:Advances in electronics and electron physics     索取号:O46/x2         预约/预借

序号 登录号 条形码 馆藏地/架位号 状态 备注
1 22422   300140103   第二样本阅览室/ [索取号:O46/x2] 在馆    
2 22423   300140112   密集书库/ [索取号:O46/x2] 在馆    
3 22424   300140121   密集书库/ [索取号:O46/x2] 在馆    
唐山师范学院图书馆 欢迎您!
大连网信软件有限公司© 版权所有